Представление документа в формате MARC21

Поле Инд. ПП Название Значение
Тип записи a
Библиографический уровень m
001 Контрольный номер RU/LIBMSTU/314378400
005 Дата корректировки 20170203125305.2
008 Кодируемые данные 091218|||||||||ru |||||||||||000|||rus||
020 a ISBN 978-5-9692-0387-7
c Цена, тираж 183-48
040 b Код языка каталог. rus
041 0_ a Код языка текста rus
084 a Индекс другой классификации/Индекс ББК 67.1+66.1
090 a Полочн. индекс 67.1
x Авторский знак М 37
100 1_ a Автор Мачин И. Ф.
245 10 a Заглавие История политических и правовых учений
b Продолж. заглавия учеб. пособие для вузов
260 a Место издания Москва
b Издательство Юрайт
b Издательство Высш. образование
c Дата издания 2009
300 a Объем 412 с.
440 _0 a Серия Основы наук
504 a Библиография Библиогр.: с. 411-412
650 04 a Основная рубрика Политические учения-История-Учебные издания для высших учебных заведений
650 14 a Основная рубрика Государство и право-Учебные издания для высших учебных заведений
651 _4 a Географическое наименование Великобритания
651 _4 a Географическое наименование Франция
651 _4 a Географическое наименование Германия
651 _4 a Географическое наименование Западная Европа
651 _4 a Географическое наименование Россия
653 0_ a Ключевые слова Древний Рим
a Ключевые слова Древняя Греция
a Ключевые слова Зарубежные страны
a Ключевые слова Неотомистская теория
a Ключевые слова Нормативистская теория
a Ключевые слова Позитивизм
a Ключевые слова Политико-правовая мысль
a Ключевые слова Политические взгляды
a Ключевые слова Политические проекты
a Ключевые слова Политические учения
a Ключевые слова Правовые позиции
a Ключевые слова Правовые учения 18-20 вв.
a Ключевые слова Солидаристская теория
a Ключевые слова Социологическая теория
901 t Тип документа m
952 b Гриф литературы для ВШ Рекомендовано УМО по юридическому образованию вузов
c Вид литературы учебное пособие